Vybrané črty hospodárskych systémov v období staroveku
Význam hospodárskych dejín. Hospodárstvo staroveku. Pracovná sila a otroci. Vynálezy a technológie staroveku. Poľnohospodárstvo, pôda a remeselná výroba. Hospodárske využitie zvierat. Významné obchodné cesty: Hodvábna cesta, Jantárová cesta, soľné cesty.
Enregistré dans:
| Auteur principal: | |
|---|---|
| Autres auteurs: | |
| Format: | Chapitre de livre |
| Langue: | slovaque |
| Sujets: | |
| Tags: |
Pas de tags, Soyez le premier à ajouter un tag!
|
MARC
| LEADER | 00000nla a2200000 4500 | ||
|---|---|---|---|
| 001 | 0225742 | ||
| 005 | 20240502073712.9 | ||
| 041 | 0 | |a slo | |
| 044 | |a SK | ||
| 245 | 1 | 0 | |a Vybrané črty hospodárskych systémov v období staroveku |c Hana Poláčková, Marián Vongrej |
| 520 | |a Význam hospodárskych dejín. Hospodárstvo staroveku. Pracovná sila a otroci. Vynálezy a technológie staroveku. Poľnohospodárstvo, pôda a remeselná výroba. Hospodárske využitie zvierat. Významné obchodné cesty: Hodvábna cesta, Jantárová cesta, soľné cesty. | ||
| 610 | 2 | 0 | |a dejiny hospodárske |
| 610 | 2 | 0 | |a história |
| 610 | 2 | 0 | |a remeslá |
| 610 | 2 | 0 | |a výroba remeselná |
| 610 | 2 | 0 | |a chov zvierat |
| 610 | 2 | 0 | |a poľnohospodárstvo |
| 610 | 2 | 0 | |a cesty |
| 610 | 2 | 0 | |a obchod |
| 610 | 2 | 0 | |a vynálezy |
| 610 | 2 | 0 | |a sily pracovné |
| 610 | 2 | 0 | |a starovek |
| 100 | 1 | |a Poláčková, Hana, 1968- | |
| 700 | 1 | |a Vongrej, Marián | |